书目信息 |
| 题名: |
新大纲:英语作文万能模板
|
|
| 作者: | ;全国同等学力申请硕士学位英语考试命题研究组 主编 | |
| 分册: | ||
| 出版信息: | 北京 电子工业出版社 2013.01 |
|
| 页数: | 258页 | |
| 开本: | 26cm | |
| 丛书名: | 同等学力申请硕士学位英语考试新大纲新题型辅导丛书 | |
| 单 册: | ||
| 中图分类: | H319.36 , H315 | |
| 科图分类: | ||
| 主题词: | 英语--写作--硕士--水平考试--自学参考资料 , 英语 , 写作 | |
| 电子资源: | ||
| ISBN: | 978-7-121-19059-9 | |
| 000 | 01275oam2 2200289 450 | |
| 001 | 010010108357 | |
| 005 | 20130703110234.06 | |
| 010 | @a978-7-121-19059-9@dCNY36.00 | |
| 100 | @a20121224d2013 em y0chiy50 ea | |
| 101 | 0 | @achi@aeng |
| 102 | @aCN@b110000 | |
| 105 | @aak z 000yy | |
| 106 | @ar | |
| 200 | 1 | @a新大纲:英语作文万能模板@9xin da gang:ying yu zuo wen wan neng mu ban@f全国同等学力申请硕士学位英语考试命题研究组主编 |
| 210 | @a北京@c电子工业出版社@d2013.01 | |
| 215 | @a258页@c图@d26cm | |
| 225 | 2 | @a同等学力申请硕士学位英语考试新大纲新题型辅导丛书 |
| 330 | @a本书从字、词、句等方面详细分析了同等学力申请硕士学位英语考试高分作文的闪光点和成功之处。对用词错误、语法错误、段落内容错误等方面有针对性地进行了归纳总结,详解四类命题形式,十大写作方法,深入揭秘万能模板。剖析四大写作常见错误,诠释六大常用写作话题。 | |
| 461 | 0 | @12001 @a同等学力申请硕士学位英语考试新大纲新题型辅导丛书 |
| 606 | 0 | @a英语@x写作@x硕士@x水平考试@j自学参考资料 |
| 606 | 0 | @a英语 |
| 606 | 0 | @a写作 |
| 690 | @aH319.36@v5 | |
| 690 | @aH315@v4 | |
| 711 | 02 | @a全国同等学力申请硕士学位英语考试命题研究组@9quan guo tong deng xue li shen qing shuo shi xue wei ying yu kao shi ming ti yan jiu zu@4主编 |
| 801 | 0 | @aCN@bRENTIAN@c20121224 |
| 905 | @b547182-85@dH315@e656@f4 | |
| 新大纲:英语作文万能模板/全国同等学力申请硕士学位英语考试命题研究组主编.-北京:电子工业出版社,2013.01 |
| 258页:图;26cm.-(同等学力申请硕士学位英语考试新大纲新题型辅导丛书) |
| ISBN 978-7-121-19059-9:CNY36.00 |
| 本书从字、词、句等方面详细分析了同等学力申请硕士学位英语考试高分作文的闪光点和成功之处。对用词错误、语法错误、段落内容错误等方面有针对性地进行了归纳总结,详解四类命题形式,十大写作方法,深入揭秘万能模板。剖析四大写作常见错误,诠释六大常用写作话题。 |
| ● |
| 相关链接 |
|
|
|
|
正题名:新大纲:英语作文万能模板
索取号:H315/656
 
预约/预借
| 序号 | 登录号 | 条形码 | 馆藏地/架位号 | 状态 | 备注 |
| 1 | 547182 | 205471826 | 第二样本阅览室/ [索取号:H315/656] | 在馆 | |
| 2 | 547183 | 205471835 | 第四借阅区/ [索取号:H315/656] | 在馆 | |
| 3 | 547184 | 205471844 | 第四借阅区/ [索取号:H315/656] | 在馆 | |
| 4 | 547185 | 205471853 | 第四借阅区/ [索取号:H315/656] | 在馆 |